| 000 | 00445nam a2200109Ia 4500 | ||
|---|---|---|---|
| 008 | 160909s9999 xx 000 0 und d | ||
| 100 | _aBlake, Amy Sue. | ||
| 245 | _aOccupational stressors, coping strategies, and the relationship to professional performance and longevity for directors of special education | ||
| 260 |
_bIndiana State University _c2016 |
||
| 650 | _aEDUC/SPED | ||
| 856 | _uhttp://pqdtopen.proquest.com/doc/1791141688.html?FMT=ABS | ||
| 999 |
_c304995 _d304995 |
||